<?xml version="1.0" encoding="UTF-8"?>
<record
    xmlns:xsi="http://www.w3.org/2001/XMLSchema-instance"
    xsi:schemaLocation="http://www.loc.gov/MARC21/slim http://www.loc.gov/standards/marcxml/schema/MARC21slim.xsd"
    xmlns="http://www.loc.gov/MARC21/slim">

  <leader>01086 am a2200289 a 4500</leader>
  <controlfield tag="005">20240830142013.0</controlfield>
  <controlfield tag="008">110328s1980||||ag a   f |||| 001 0 spa d</controlfield>
  <datafield tag="020" ind1=" " ind2=" ">
    <subfield code="a">S/N</subfield>
  </datafield>
  <datafield tag="041" ind1=" " ind2=" ">
    <subfield code="a">spa</subfield>
  </datafield>
  <datafield tag="092" ind1=" " ind2=" ">
    <subfield code="c">611</subfield>
    <subfield code="l">10</subfield>
    <subfield code="s">CAS</subfield>
  </datafield>
  <datafield tag="100" ind1="1" ind2=" ">
    <subfield code="a">Casiraghi, Juan Carlos</subfield>
    <subfield code="9">671</subfield>
  </datafield>
  <datafield tag="245" ind1=" " ind2=" ">
    <subfield code="a">Anatom&#xED;a del Cuerpo Humano. Funcional y Quir&#xFA;rgica.</subfield>
    <subfield code="b">T.4 Regiones del abdomen y de la pelvis /</subfield>
    <subfield code="c">Juan Carlos Casiraghi</subfield>
  </datafield>
  <datafield tag="250" ind1=" " ind2=" ">
    <subfield code="a">1a ed.</subfield>
  </datafield>
  <datafield tag="260" ind1=" " ind2=" ">
    <subfield code="a">Buenos Aires: </subfield>
    <subfield code="b">Alboazul;</subfield>
    <subfield code="c">1980.</subfield>
  </datafield>
  <datafield tag="300" ind1=" " ind2=" ">
    <subfield code="a">233 p.</subfield>
    <subfield code="b">il.</subfield>
  </datafield>
  <datafield tag="500" ind1=" " ind2=" ">
    <subfield code="a">Casiraghi, J. C., Anapios, R. y C&#xFA;neo, J. L. (1980). Anatom&#xED;a del Cuerpo Humano. Funcional y Quir&#xFA;rgica. T.4 Regiones del abdomen y de la pelvis. (1a ed.). Buenos Aires : Alboazul.</subfield>
  </datafield>
  <datafield tag="590" ind1=" " ind2=" ">
    <subfield code="a">Donaci&#xF3;n de Mariela Ruocco, Feb. 2011.</subfield>
  </datafield>
  <datafield tag="653" ind1=" " ind2=" ">
    <subfield code="a">Paredes de la cavidad abdominal</subfield>
  </datafield>
  <datafield tag="653" ind1=" " ind2=" ">
    <subfield code="a">Peritoneo y cavidad peritoneal</subfield>
  </datafield>
  <datafield tag="653" ind1=" " ind2=" ">
    <subfield code="a">&#xD3;rganos intraperitoneales</subfield>
  </datafield>
  <datafield tag="653" ind1=" " ind2=" ">
    <subfield code="a">Espacios extraperitoneales</subfield>
  </datafield>
  <datafield tag="653" ind1=" " ind2=" ">
    <subfield code="a">Genitales y peritoneo</subfield>
  </datafield>
  <datafield tag="700" ind1="1" ind2=" ">
    <subfield code="a">Anapios, Roberto</subfield>
    <subfield code="9">3865</subfield>
  </datafield>
  <datafield tag="700" ind1="1" ind2=" ">
    <subfield code="a">C&#xFA;neo, Jos&#xE9; Lu&#xED;s</subfield>
    <subfield code="9">3866</subfield>
  </datafield>
  <datafield tag="930" ind1=" " ind2=" ">
    <subfield code="a">2187</subfield>
  </datafield>
  <datafield tag="942" ind1=" " ind2=" ">
    <subfield code="2">ddc</subfield>
    <subfield code="c">BK</subfield>
    <subfield code="0">6</subfield>
  </datafield>
  <datafield tag="999" ind1=" " ind2=" ">
    <subfield code="c">802</subfield>
    <subfield code="d">802</subfield>
  </datafield>
  <datafield tag="952" ind1=" " ind2=" ">
    <subfield code="0">0</subfield>
    <subfield code="1">0</subfield>
    <subfield code="2">ddc</subfield>
    <subfield code="4">0</subfield>
    <subfield code="7">0</subfield>
    <subfield code="a">BFM</subfield>
    <subfield code="b">BFM</subfield>
    <subfield code="c">REF</subfield>
    <subfield code="d">2011-05-13</subfield>
    <subfield code="l">15</subfield>
    <subfield code="m">2</subfield>
    <subfield code="o">611 10 CAS</subfield>
    <subfield code="p">2187</subfield>
    <subfield code="r">2024-09-02</subfield>
    <subfield code="s">2024-08-30</subfield>
    <subfield code="t">Ej.2</subfield>
    <subfield code="w">2011-05-13</subfield>
    <subfield code="y">BK</subfield>
    <subfield code="z">LIBRO DE CONSULTA</subfield>
    <subfield code="f"></subfield>
  </datafield>
  <datafield tag="952" ind1=" " ind2=" ">
    <subfield code="0">0</subfield>
    <subfield code="1">0</subfield>
    <subfield code="2">ddc</subfield>
    <subfield code="4">0</subfield>
    <subfield code="7">0</subfield>
    <subfield code="a">BFM</subfield>
    <subfield code="b">BFM</subfield>
    <subfield code="c">CR</subfield>
    <subfield code="d">2011-09-07</subfield>
    <subfield code="l">53</subfield>
    <subfield code="m">6</subfield>
    <subfield code="o">611 10 CAS</subfield>
    <subfield code="p">TR056</subfield>
    <subfield code="r">2024-09-03</subfield>
    <subfield code="s">2024-08-27</subfield>
    <subfield code="t">Copia</subfield>
    <subfield code="w">2011-09-07</subfield>
    <subfield code="y">BK</subfield>
    <subfield code="z">Fotocopia</subfield>
  </datafield>
  <datafield tag="952" ind1=" " ind2=" ">
    <subfield code="0">0</subfield>
    <subfield code="1">0</subfield>
    <subfield code="2">ddc</subfield>
    <subfield code="4">0</subfield>
    <subfield code="7">0</subfield>
    <subfield code="a">BFM</subfield>
    <subfield code="b">BFM</subfield>
    <subfield code="c">CR</subfield>
    <subfield code="d">2011-09-07</subfield>
    <subfield code="l">49</subfield>
    <subfield code="m">2</subfield>
    <subfield code="o">611 10 CAS</subfield>
    <subfield code="p">TR057</subfield>
    <subfield code="r">2024-08-30</subfield>
    <subfield code="s">2024-08-22</subfield>
    <subfield code="t">Copia</subfield>
    <subfield code="w">2011-09-07</subfield>
    <subfield code="y">BK</subfield>
    <subfield code="z">Fotocopia</subfield>
  </datafield>
  <datafield tag="952" ind1=" " ind2=" ">
    <subfield code="0">0</subfield>
    <subfield code="1">0</subfield>
    <subfield code="2">ddc</subfield>
    <subfield code="4">0</subfield>
    <subfield code="7">0</subfield>
    <subfield code="a">BFM</subfield>
    <subfield code="b">BFM</subfield>
    <subfield code="c">CR</subfield>
    <subfield code="d">2011-09-07</subfield>
    <subfield code="l">52</subfield>
    <subfield code="m">6</subfield>
    <subfield code="o">611 10 CAS</subfield>
    <subfield code="p">TR058</subfield>
    <subfield code="r">2025-04-01</subfield>
    <subfield code="s">2025-03-20</subfield>
    <subfield code="t">Copia</subfield>
    <subfield code="w">2011-09-07</subfield>
    <subfield code="y">BK</subfield>
    <subfield code="z">Donaci&#xF3;n Camila Barbella, Febrero 2019. Completo 4 tomos</subfield>
  </datafield>
  <datafield tag="952" ind1=" " ind2=" ">
    <subfield code="0">0</subfield>
    <subfield code="1">0</subfield>
    <subfield code="2">ddc</subfield>
    <subfield code="4">0</subfield>
    <subfield code="7">0</subfield>
    <subfield code="a">BFM</subfield>
    <subfield code="b">BFM</subfield>
    <subfield code="c">CR</subfield>
    <subfield code="d">2011-09-07</subfield>
    <subfield code="l">54</subfield>
    <subfield code="m">4</subfield>
    <subfield code="o">611 10 CAS</subfield>
    <subfield code="p">TR059</subfield>
    <subfield code="r">2024-09-23</subfield>
    <subfield code="s">2024-09-17</subfield>
    <subfield code="t">Copia</subfield>
    <subfield code="w">2011-09-07</subfield>
    <subfield code="y">BK</subfield>
    <subfield code="z">Fotocopia</subfield>
  </datafield>
  <datafield tag="952" ind1=" " ind2=" ">
    <subfield code="0">0</subfield>
    <subfield code="1">0</subfield>
    <subfield code="2">ddc</subfield>
    <subfield code="4">0</subfield>
    <subfield code="7">0</subfield>
    <subfield code="a">BFM</subfield>
    <subfield code="b">BFM</subfield>
    <subfield code="c">CR</subfield>
    <subfield code="d">2011-09-07</subfield>
    <subfield code="l">62</subfield>
    <subfield code="m">3</subfield>
    <subfield code="o">611 10 CAS</subfield>
    <subfield code="p">TR111</subfield>
    <subfield code="r">2025-09-10</subfield>
    <subfield code="s">2025-09-03</subfield>
    <subfield code="t">Copia</subfield>
    <subfield code="w">2011-09-07</subfield>
    <subfield code="y">BK</subfield>
    <subfield code="z">Fotocopia</subfield>
  </datafield>
  <datafield tag="952" ind1=" " ind2=" ">
    <subfield code="0">0</subfield>
    <subfield code="1">0</subfield>
    <subfield code="2">ddc</subfield>
    <subfield code="4">0</subfield>
    <subfield code="7">0</subfield>
    <subfield code="a">BFM</subfield>
    <subfield code="b">BFM</subfield>
    <subfield code="c">CR</subfield>
    <subfield code="d">2011-09-07</subfield>
    <subfield code="l">57</subfield>
    <subfield code="m">4</subfield>
    <subfield code="o">611 10 CAS</subfield>
    <subfield code="p">TR127</subfield>
    <subfield code="r">2024-09-03</subfield>
    <subfield code="s">2024-08-27</subfield>
    <subfield code="t">Copia</subfield>
    <subfield code="w">2011-09-07</subfield>
    <subfield code="y">BK</subfield>
    <subfield code="z">Fotocopia</subfield>
  </datafield>
  <datafield tag="952" ind1=" " ind2=" ">
    <subfield code="0">0</subfield>
    <subfield code="1">0</subfield>
    <subfield code="2">ddc</subfield>
    <subfield code="4">0</subfield>
    <subfield code="7">0</subfield>
    <subfield code="a">BFM</subfield>
    <subfield code="b">BFM</subfield>
    <subfield code="c">CR</subfield>
    <subfield code="d">2011-09-07</subfield>
    <subfield code="l">74</subfield>
    <subfield code="m">7</subfield>
    <subfield code="o">611 10 CAS</subfield>
    <subfield code="p">TR145</subfield>
    <subfield code="r">2024-09-02</subfield>
    <subfield code="s">2024-08-26</subfield>
    <subfield code="t">Copia</subfield>
    <subfield code="w">2011-09-07</subfield>
    <subfield code="y">BK</subfield>
    <subfield code="z">Fotocopia</subfield>
  </datafield>
  <datafield tag="952" ind1=" " ind2=" ">
    <subfield code="0">0</subfield>
    <subfield code="1">0</subfield>
    <subfield code="2">ddc</subfield>
    <subfield code="4">0</subfield>
    <subfield code="7">0</subfield>
    <subfield code="a">BFM</subfield>
    <subfield code="b">BFM</subfield>
    <subfield code="c">CR</subfield>
    <subfield code="d">2014-04-04</subfield>
    <subfield code="l">44</subfield>
    <subfield code="m">2</subfield>
    <subfield code="o">611 10 CAS</subfield>
    <subfield code="p">TR173</subfield>
    <subfield code="r">2025-09-01</subfield>
    <subfield code="s">2025-08-22</subfield>
    <subfield code="t">copia</subfield>
    <subfield code="w">2014-04-04</subfield>
    <subfield code="y">BK</subfield>
    <subfield code="z">FOTOCOPIA. Donaci&#xF3;n Sofia Anderle, Abril 2014</subfield>
  </datafield>
  <datafield tag="952" ind1=" " ind2=" ">
    <subfield code="0">0</subfield>
    <subfield code="1">0</subfield>
    <subfield code="2">ddc</subfield>
    <subfield code="4">0</subfield>
    <subfield code="7">0</subfield>
    <subfield code="a">BFM</subfield>
    <subfield code="b">BFM</subfield>
    <subfield code="c">CR</subfield>
    <subfield code="d">2015-04-14</subfield>
    <subfield code="l">21</subfield>
    <subfield code="m">1</subfield>
    <subfield code="o">611 10 CAS</subfield>
    <subfield code="p">TR176</subfield>
    <subfield code="r">2025-09-01</subfield>
    <subfield code="s">2025-08-25</subfield>
    <subfield code="t">Copia</subfield>
    <subfield code="w">2015-04-14</subfield>
    <subfield code="y">BK</subfield>
    <subfield code="z">FOTOCOPIA. Donaci&#xF3;n Aschkar Manuel. Abril 2015</subfield>
  </datafield>
  <datafield tag="952" ind1=" " ind2=" ">
    <subfield code="0">0</subfield>
    <subfield code="1">0</subfield>
    <subfield code="2">ddc</subfield>
    <subfield code="4">0</subfield>
    <subfield code="7">0</subfield>
    <subfield code="a">BFM</subfield>
    <subfield code="b">BFM</subfield>
    <subfield code="c">CR</subfield>
    <subfield code="d">2017-03-17</subfield>
    <subfield code="l">11</subfield>
    <subfield code="m">1</subfield>
    <subfield code="o">611 10 CAS</subfield>
    <subfield code="p">TR190</subfield>
    <subfield code="r">2024-09-25</subfield>
    <subfield code="s">2024-09-17</subfield>
    <subfield code="t">Copia</subfield>
    <subfield code="w">2017-03-17</subfield>
    <subfield code="y">BK</subfield>
    <subfield code="z">Donacion Fernanda Bustamante, marzo 2017</subfield>
  </datafield>
  <datafield tag="952" ind1=" " ind2=" ">
    <subfield code="0">0</subfield>
    <subfield code="1">0</subfield>
    <subfield code="2">ddc</subfield>
    <subfield code="4">0</subfield>
    <subfield code="7">0</subfield>
    <subfield code="a">BFM</subfield>
    <subfield code="b">BFM</subfield>
    <subfield code="c">CR</subfield>
    <subfield code="d">2017-06-16</subfield>
    <subfield code="e">Donaci&#xF3;n Junio 2017</subfield>
    <subfield code="l">24</subfield>
    <subfield code="m">1</subfield>
    <subfield code="o">611 10 CAS</subfield>
    <subfield code="p">TR198</subfield>
    <subfield code="r">2024-09-10</subfield>
    <subfield code="s">2024-09-03</subfield>
    <subfield code="t">Copia</subfield>
    <subfield code="w">2017-06-16</subfield>
    <subfield code="y">BK</subfield>
    <subfield code="z">Donaci&#xF3;n Junio 2017</subfield>
  </datafield>
  <datafield tag="952" ind1=" " ind2=" ">
    <subfield code="0">0</subfield>
    <subfield code="1">0</subfield>
    <subfield code="2">ddc</subfield>
    <subfield code="4">0</subfield>
    <subfield code="7">0</subfield>
    <subfield code="a">BFM</subfield>
    <subfield code="b">BFM</subfield>
    <subfield code="c">CR</subfield>
    <subfield code="d">2017-09-27</subfield>
    <subfield code="e">Donaci&#xF3;n Bel&#xE9;n Narez, Septiembre 2017.</subfield>
    <subfield code="l">19</subfield>
    <subfield code="m">2</subfield>
    <subfield code="o">611 10 CAS</subfield>
    <subfield code="p">TR200</subfield>
    <subfield code="r">2025-09-16</subfield>
    <subfield code="s">2025-09-09</subfield>
    <subfield code="t">Copia</subfield>
    <subfield code="w">2017-09-27</subfield>
    <subfield code="y">BK</subfield>
    <subfield code="z">Fotocopia. Donaci&#xF3;n Bel&#xE9;n Narez, Septiembre 2017.</subfield>
  </datafield>
  <datafield tag="952" ind1=" " ind2=" ">
    <subfield code="0">0</subfield>
    <subfield code="1">0</subfield>
    <subfield code="2">ddc</subfield>
    <subfield code="4">0</subfield>
    <subfield code="7">0</subfield>
    <subfield code="a">BFM</subfield>
    <subfield code="b">BFM</subfield>
    <subfield code="c">CR</subfield>
    <subfield code="d">2023-09-28</subfield>
    <subfield code="l">9</subfield>
    <subfield code="m">2</subfield>
    <subfield code="o">611 10 CAS</subfield>
    <subfield code="p">1103</subfield>
    <subfield code="r">2025-09-09</subfield>
    <subfield code="s">2025-09-01</subfield>
    <subfield code="t">Ej.1</subfield>
    <subfield code="w">0000-00-00</subfield>
    <subfield code="y">BK</subfield>
    <subfield code="f"></subfield>
  </datafield>
  <datafield tag="952" ind1=" " ind2=" ">
    <subfield code="0">0</subfield>
    <subfield code="1">0</subfield>
    <subfield code="2">ddc</subfield>
    <subfield code="4">0</subfield>
    <subfield code="7">0</subfield>
    <subfield code="a">BFM</subfield>
    <subfield code="b">BFM</subfield>
    <subfield code="c">CR</subfield>
    <subfield code="d">2024-08-26</subfield>
    <subfield code="e">Donacion Horacio Verde, Agosto 2024.</subfield>
    <subfield code="l">7</subfield>
    <subfield code="o">611 10 CAS</subfield>
    <subfield code="p">4897</subfield>
    <subfield code="r">2025-09-16</subfield>
    <subfield code="s">2025-09-09</subfield>
    <subfield code="t">Ej.3</subfield>
    <subfield code="w">0000-00-00</subfield>
    <subfield code="y">BK</subfield>
    <subfield code="z">Donacion Horacio Verde, Agosto 2024.</subfield>
    <subfield code="f"></subfield>
  </datafield>
  <datafield tag="952" ind1=" " ind2=" ">
    <subfield code="0">0</subfield>
    <subfield code="1">0</subfield>
    <subfield code="2">ddc</subfield>
    <subfield code="4">0</subfield>
    <subfield code="7">0</subfield>
    <subfield code="a">BFM</subfield>
    <subfield code="b">BFM</subfield>
    <subfield code="c">CR</subfield>
    <subfield code="d">2025-09-19</subfield>
    <subfield code="e">Donaci&#xF3;n Evelyn Minich, Septiembre 2025</subfield>
    <subfield code="l">0</subfield>
    <subfield code="o">611 10 CAS</subfield>
    <subfield code="p">5109</subfield>
    <subfield code="r">2025-09-19</subfield>
    <subfield code="t">Ej.4</subfield>
    <subfield code="w">0000-00-00</subfield>
    <subfield code="y">BK</subfield>
    <subfield code="z">Donaci&#xF3;n Evelyn Minich, Septiembre 2025</subfield>
    <subfield code="f"></subfield>
  </datafield>
</record>
